00481nam a2200193 a 4500001001300000003000900013005001700022008004100039020001000080082001500090100001800105245004000123260002600163300000900189500003500198505001700233650001900250700001800269nice12345678IN_TiNIC20260116011521.0050524s1894 leia grp 000 0 ara  ac10000a915.3bGOE aGoeje, M J De aBibliotheca Geographorum Arabicorum aLeiden bBrill c1894 a373p aincludes index and biblioraphy2 abibliography aGeography-Arab1 aGoeje, M J De